[Event "Uppsala Young Champions 2016"]
[Site "Uppsala Schackcentrum, Sweden"]
[Date "2016.10.29"]
[Round "3.7"]
[White "Buchert, Vitus"]
[Black "Nilsson, Joakim"]
[Result "0-1"]
[BlackElo "2059"]
[WhiteElo "1782"]
[LiveChessVersion "1.4.8"]

1. e4 {[%clk 1:30:57]} c5 {[%clk 1:30:52]} 2. d3 {[%clk 1:31:17]} Nc6
{[%clk 1:31:01]} 3. g3 {[%clk 1:31:34]} e5 {[%clk 1:30:52]} 4. Nf3
{[%clk 1:31:49]} g6 {[%clk 1:29:46]} 5. Bg2 {[%clk 1:31:50]} Bg7 {[%clk 1:30:09]}
6. O-O {[%clk 1:32:13]} Nge7 {[%clk 1:30:18]} 7. c3 {[%clk 1:32:38]} O-O
{[%clk 1:30:37]} 8. a3 {[%clk 1:33:04]} d5 {[%clk 1:27:08]} 9. b4
{[%clk 1:31:47]} cxb4 {[%clk 1:25:58]} 10. axb4 {[%clk 1:31:02]} dxe4
{[%clk 1:24:09]} 11. dxe4 {[%clk 1:31:12]} Qc7 {[%clk 1:21:53]} 12. b5
{[%clk 1:21:00]} Na5 {[%clk 1:20:53]} 13. Qa4 {[%clk 1:19:44]} b6
{[%clk 1:19:36]} 14. Ba3 {[%clk 1:18:34]} Be6 {[%clk 1:14:25]} 15. Bb4
{[%clk 1:09:08]} Nb3 {[%clk 1:13:06]} 16. Ra3 {[%clk 1:03:24]} Nc5
{[%clk 1:11:55]} 17. Bxc5 {[%clk 1:01:29]} Qxc5 {[%clk 1:11:33]} 18. Nbd2
{[%clk 0:58:46]} Rfd8 {[%clk 1:09:56]} 19. c4 {[%clk 0:58:43]} Bh6
{[%clk 1:09:50]} 20. Ra2 {[%clk 0:55:36]} Rd7 {[%clk 1:08:54]} 21. Rc2
{[%clk 0:51:29]} Rd3 {[%clk 1:03:53]} 22. Nb3 {[%clk 0:47:27]} Qc7
{[%clk 1:03:44]} 23. Nc1 {[%clk 0:47:09]} Bxc1 {[%clk 1:02:38]} 24. Rfxc1
{[%clk 0:46:56]} Qc5 {[%clk 1:02:39]} 25. Qa1 {[%clk 0:44:20]} f6
{[%clk 1:01:25]} 26. Ne1 {[%clk 0:43:23]} Rd7 {[%clk 1:01:14]} 27. Bf1
{[%clk 0:40:44]} Rad8 {[%clk 0:58:53]} 28. Qc3 {[%clk 0:39:51]} Rd4
{[%clk 0:55:30]} 29. Qf3 {[%clk 0:35:13]} f5 {[%clk 0:53:16]} 30. Nd3
{[%clk 0:33:17]} Qc7 {[%clk 0:52:13]} 31. exf5 {[%clk 0:33:26]} Bxf5
{[%clk 0:51:40]} 32. Rc3 {[%clk 0:33:28]} Be4 {[%clk 0:47:12]} 33. Qd1
{[%clk 0:32:31]} Bxd3 {[%clk 0:46:07]} 34. Rxd3 {[%clk 0:32:05]} Rxd3
{[%clk 0:46:31]} 35. Bxd3 {[%clk 0:31:46]} e4 {[%clk 0:46:08]} 36. Rc3
{[%clk 0:32:12]} Qe5 {[%clk 0:45:11]} 37. Qb3 {[%clk 0:32:02]} exd3
{[%clk 0:45:11]} 38. c5+ {[%clk 0:32:22]} Kg7 0-1

[Event "Uppsala Young Champions 2016"]
[Site "Uppsala Schackcentrum, Sweden"]
[Date "2016.10.29"]
[Round "3.8"]
[White "Mitra, Akash"]
[Black "Bannout, Edvin"]
[Result "0-1"]
[BlackElo "1818"]
[WhiteElo "1515"]
[LiveChessVersion "1.4.8"]

1. e4 {[%clk 1:30:41]} e6 {[%clk 1:30:35]} 2. d4 {[%clk 1:30:07]} d5
{[%clk 1:31:03]} 3. Nc3 {[%clk 1:29:48]} Bb4 {[%clk 1:31:26]} 4. e5
{[%clk 1:30:10]} c5 {[%clk 1:30:25]} 5. f4 {[%clk 1:27:26]} cxd4 {[%clk 1:30:08]}
6. Qxd4 {[%clk 1:27:28]} Nc6 {[%clk 1:30:26]} 7. Bb5 {[%clk 1:27:22]} Qa5 8.
Bxc6+ {[%clk 1:26:36]} bxc6 {[%clk 1:30:38]} 9. Bd2 {[%clk 1:25:26]} c5
{[%clk 1:18:31]} 10. Qd3 {[%clk 1:24:46]} Ba6 {[%clk 1:17:22]} 11. Qg3
{[%clk 1:23:32]} Ne7 {[%clk 1:01:59]} 12. Nf3 {[%clk 1:19:42]} Nf5
{[%clk 1:02:21]} 13. Qf2 {[%clk 1:18:41]} h5 {[%clk 1:02:17]} 14. Rg1
{[%clk 1:15:14]} Rb8 {[%clk 0:59:47]} 15. h3 {[%clk 1:13:14]} h4 {[%clk 0:59:44]}
16. a3 {[%clk 1:08:55]} d4 {[%clk 0:52:12]} 17. Ne4 {[%clk 1:07:45]} Bxd2+
{[%clk 0:37:21]} 18. Qxd2 {[%clk 1:06:27]} Qb6 {[%clk 0:36:51]} 19. b4
{[%clk 1:01:09]} c4 {[%clk 0:31:34]} 20. O-O-O {[%clk 0:54:35]} c3
{[%clk 0:17:11]} 21. Qf2 {[%clk 0:54:03]} Qb5 {[%clk 0:16:33]} 22. Nxd4
{[%clk 0:49:55]} Qa4 {[%clk 0:13:59]} 23. Nxc3 {[%clk 0:49:26]} Qxa3+
{[%clk 0:14:25]} 24. Kd2 {[%clk 0:47:46]} Nxd4 {[%clk 0:14:24]} 25. Ra1
{[%clk 0:47:43]} Qb2 {[%clk 0:09:39]} 26. Ra2 {[%clk 0:47:42]} Nb3+
{[%clk 0:09:10]} 27. Kd1 {[%clk 0:47:27]} Qc1# {[%clk 0:08:55]} 0-1

[Event "Uppsala Young Champions 2016"]
[Site "Uppsala Schackcentrum, Sweden"]
[Date "2016.10.29"]
[Round "3.9"]
[White "Carlsson, Ludvig"]
[Black "Aira, Leonardo"]
[Result "0-1"]
[BlackElo "1861"]
[WhiteElo "2013"]
[LiveChessVersion "1.4.8"]

1. c4 {[%clk 1:30:58]} e6 {[%clk 1:30:42]} 2. d4 {[%clk 1:31:14]} d5
{[%clk 1:31:00]} 3. Nc3 {[%clk 1:31:36]} Be7 {[%clk 1:31:17]} 4. Nf3
{[%clk 1:30:52]} Nf6 {[%clk 1:31:13]} 5. cxd5 {[%clk 1:30:50]} exd5
{[%clk 1:31:07]} 6. Bg5 {[%clk 1:31:12]} O-O {[%clk 1:28:51]} 7. Qc2
{[%clk 1:31:06]} c6 {[%clk 1:25:37]} 8. e3 {[%clk 1:31:29]} h6 {[%clk 1:24:32]}
9. Bh4 {[%clk 1:29:46]} Ne4 {[%clk 1:17:42]} 10. Bxe7 {[%clk 1:29:51]} Qxe7
{[%clk 1:18:05]} 11. Bd3 {[%clk 1:30:10]} Nxc3 {[%clk 1:12:54]} 12. bxc3
{[%clk 1:28:50]} Nd7 {[%clk 1:06:27]} 13. h4 {[%clk 1:03:10]} Nf6
{[%clk 0:56:14]} 14. Ne5 {[%clk 1:03:22]} Ng4 {[%clk 0:53:56]} 15. Nxg4
{[%clk 1:02:28]} Bxg4 {[%clk 0:54:18]} 16. Bh7+ {[%clk 1:01:41]} Kh8
{[%clk 0:54:30]} 17. Bf5 {[%clk 1:02:06]} Bxf5 {[%clk 0:51:21]} 18. Qxf5
{[%clk 1:02:31]} Qe4 {[%clk 0:45:59]} 19. Qxe4 {[%clk 1:02:31]} dxe4
{[%clk 0:46:23]} 20. Kd2 {[%clk 1:01:48]} f5 {[%clk 0:45:17]} 21. g3
{[%clk 1:01:45]} Kg8 {[%clk 0:39:19]} 22. a4 {[%clk 0:59:56]} b6 {[%clk 0:38:21]}
23. Rhb1 {[%clk 0:59:49]} Kf7 {[%clk 0:35:40]} 24. c4 {[%clk 0:59:00]} Rab8
{[%clk 0:31:51]} 25. a5 {[%clk 0:59:05]} b5 {[%clk 0:20:00]} 26. cxb5
{[%clk 0:59:11]} cxb5 {[%clk 0:20:13]} 27. a6 {[%clk 0:58:55]} Rb6
{[%clk 0:18:07]} 28. Ra5 {[%clk 0:57:59]} Rfb8 {[%clk 0:18:06]} 29. Rc1
{[%clk 0:57:50]} Kg6 {[%clk 0:17:18]} 30. Rc7 {[%clk 0:57:37]} Ra8
{[%clk 0:16:31]} 31. Kc3 {[%clk 0:56:31]} b4+ {[%clk 0:14:40]} 32. Kb3
{[%clk 0:56:27]} Kf6 {[%clk 0:13:54]} 33. Ra4 {[%clk 0:50:06]} Kg6
{[%clk 0:11:38]} 34. Rb7 {[%clk 0:48:15]} Rc6 {[%clk 0:10:09]} 35. Rbxb4
{[%clk 0:47:42]} Rc1 {[%clk 0:10:12]} 36. Rb7 {[%clk 0:47:30]} Rac8
{[%clk 0:08:41]} 37. Ra2 {[%clk 0:46:08]} R8c4 {[%clk 0:06:15]} 38. Rd2
{[%clk 0:37:52]} Rc6 {[%clk 0:05:44]} 39. Kb2 {[%clk 0:35:06]} R1c4
{[%clk 0:04:13]} 40. d5 {[%clk 0:30:27]} Rxa6 {[%clk 0:03:21]} 41. d6
{[%clk 0:30:34]} Rc8 {[%clk 0:03:16]} 42. d7 {[%clk 0:30:04]} Rd8
{[%clk 0:03:28]} 43. Rc7 {[%clk 0:30:26]} Kf7 {[%clk 0:02:54]} 44. Kc3
{[%clk 0:29:53]} Ke7 {[%clk 0:02:32]} 45. Kc4 {[%clk 0:30:10]} Ra5
{[%clk 0:01:38]} 46. Kb4 {[%clk 0:23:34]} Ra1 {[%clk 0:01:46]} 47. Rc8
{[%clk 0:21:27]} Rb1+ {[%clk 0:01:39]} 48. Ka5 {[%clk 0:21:52]} Rxd7
{[%clk 0:01:24]} 49. Rxd7+ {[%clk 0:22:14]} Kxd7 {[%clk 0:01:51]} 50. Rg8
{[%clk 0:22:30]} Ke6 {[%clk 0:01:00]} 51. Rxg7 {[%clk 0:21:55]} Kf6
{[%clk 0:01:21]} 52. Rxa7 {[%clk 0:10:26]} Rb2 {[%clk 0:01:43]} 53. Ra6+
{[%clk 0:09:07]} Kg7 {[%clk 0:02:00]} 54. Re6 {[%clk 0:09:31]} Rxf2
{[%clk 0:02:10]} 55. g4 {[%clk 0:09:55]} fxg4 {[%clk 0:01:25]} 56. Rxe4
{[%clk 0:10:16]} h5 {[%clk 0:01:40]} 57. Re5 {[%clk 0:10:37]} Kh6
{[%clk 0:01:51]} 58. Re6+ {[%clk 0:11:01]} Kg7 {[%clk 0:01:59]} 59. Re5
{[%clk 0:10:57]} Kg6 {[%clk 0:01:27]} 60. Kb4 {[%clk 0:11:08]} Rh2
{[%clk 0:01:32]} 61. Kc3 {[%clk 0:10:08]} Rxh4 62. Kd3 {[%clk 0:10:04]} g3
{[%clk 0:01:58]} 63. Ke2 {[%clk 0:10:29]} Rh2+ {[%clk 0:00:56]} 64. Kf1
{[%clk 0:10:18]} h4 {[%clk 0:01:02]} 65. Kg1 {[%clk 0:09:12]} Rf2
{[%clk 0:00:39]} 66. Re8 {[%clk 0:07:43]} Rh2 {[%clk 0:00:39]} 67. e4
{[%clk 0:07:08]} Kf7 {[%clk 0:00:45]} 68. Rh8 {[%clk 0:07:10]} Ke6
{[%clk 0:00:49]} 69. Rh5 {[%clk 0:07:34]} Kf6 {[%clk 0:00:55]} 70. Rf5+
{[%clk 0:07:24]} Kg6 {[%clk 0:01:21]} 71. Ra5 {[%clk 0:07:29]} Re2
{[%clk 0:01:28]} 72. Ra4 {[%clk 0:06:22]} h3 {[%clk 0:01:09]} 73. Ra1
{[%clk 0:05:21]} Rxe4 {[%clk 0:01:24]} 74. Rb1 {[%clk 0:05:37]} Kg5
{[%clk 0:01:34]} 75. Rf1 {[%clk 0:05:20]} Kg4 {[%clk 0:01:47]} 76. Rb1
{[%clk 0:05:18]} h2+ {[%clk 0:01:48]} 77. Kh1 {[%clk 0:05:26]} Kf5 0-1

[Event "Uppsala Young Champions 2016"]
[Site "Uppsala Schackcentrum, Sweden"]
[Date "2016.10.30"]
[Round "4.1"]
[White "Tuomainen, Felix"]
[Black "Jogstad, Martin"]
[Result "1/2-1/2"]
[BlackElo "2298"]
[WhiteElo "2198"]
[LiveChessVersion "1.4.8"]

1. d4 {[%clk 1:28:20]} d5 {[%clk 1:30:55]} 2. c4 {[%clk 1:28:06]} c6
{[%clk 1:31:19]} 3. Nc3 {[%clk 1:28:32]} Nf6 {[%clk 1:31:34]} 4. cxd5
{[%clk 1:28:55]} cxd5 {[%clk 1:31:52]} 5. Bf4 {[%clk 1:29:20]} Nc6
{[%clk 1:31:40]} 6. e3 {[%clk 1:29:45]} Bg4 {[%clk 1:28:30]} 7. Qb3
{[%clk 1:30:02]} Na5 {[%clk 1:25:41]} 8. Qa4+ {[%clk 1:30:28]} Bd7
{[%clk 1:23:03]} 9. Qc2 {[%clk 1:30:52]} Rc8 {[%clk 1:19:51]} 10. Bd3
{[%clk 1:31:06]} e6 {[%clk 1:17:23]} 11. Nf3 {[%clk 1:31:24]} Bb4
{[%clk 1:11:33]} 12. O-O {[%clk 1:30:56]} O-O {[%clk 1:09:48]} 13. Ne5
{[%clk 1:27:33]} h6 {[%clk 1:01:23]} 14. Rfc1 {[%clk 1:24:27]} Nh5
{[%clk 0:45:32]} 15. Bg3 {[%clk 1:21:59]} Nxg3 {[%clk 0:45:12]} 16. hxg3
{[%clk 1:22:21]} Nc4 {[%clk 0:33:54]} 17. Bxc4 {[%clk 1:12:09]} dxc4
{[%clk 0:34:00]} 18. Qe2 {[%clk 1:07:18]} b5 {[%clk 0:27:31]} 19. a4
{[%clk 1:07:06]} a6 {[%clk 0:27:14]} 20. axb5 {[%clk 1:06:55]} Bxb5
{[%clk 0:26:17]} 21. Qf3 {[%clk 1:05:47]} Bd6 {[%clk 0:21:01]} 22. Ne4
{[%clk 1:00:11]} Bb8 {[%clk 0:18:23]} 23. g4 {[%clk 0:59:20]} f5 {[%clk 0:11:05]}
24. Nc3 {[%clk 0:55:38]} Bxe5 {[%clk 0:08:02]} 25. dxe5 {[%clk 0:56:01]} Qg5
{[%clk 0:07:25]} 26. gxf5 {[%clk 0:54:13]} Bc6 {[%clk 0:07:06]} 27. Qh3
{[%clk 0:52:43]} Qxf5 {[%clk 0:05:18]} 28. Qxf5 {[%clk 0:52:23]} Rxf5
{[%clk 0:05:44]} 29. Ne2 {[%clk 0:47:56]} Rxe5 {[%clk 0:03:27]} 30. Rxc4
{[%clk 0:47:19]} Bb7 {[%clk 0:03:42]} 31. Rxc8+ {[%clk 0:46:32]} Bxc8
{[%clk 0:04:11]} 32. Rc1 {[%clk 0:43:58]} Bd7 {[%clk 0:04:22]} 33. Nd4
{[%clk 0:43:18]} Kf7 {[%clk 0:03:47]} 34. Rc7 {[%clk 0:43:22]} Rd5
{[%clk 0:03:45]} 35. b4 {[%clk 0:42:50]} Kf6 {[%clk 0:03:18]} 36. Nb3
{[%clk 0:41:57]} Rd1+ {[%clk 0:02:54]} 37. Kh2 {[%clk 0:42:24]} Bb5
{[%clk 0:02:39]} 38. Nc5 {[%clk 0:38:37]} Rb1 {[%clk 0:02:50]} 39. Ne4+
{[%clk 0:39:00]} Kg6 {[%clk 0:02:45]} 40. Nc5 {[%clk 0:39:15]} Kf6
{[%clk 0:02:45]} 41. Ne4+ {[%clk 0:39:41]} Kg6 {[%clk 0:02:58]} 42. Nc5
{[%clk 0:40:08]} Kf6 {[%clk 0:03:25]} 1/2-1/2

[Event "Uppsala Young Champions 2016"]
[Site "Uppsala Schackcentrum, Sweden"]
[Date "2016.10.30"]
[Round "4.2"]
[White "Ragnarsson, Dagur"]
[Black "Stefansson, Vignir Vatnar"]
[Result "1-0"]
[BlackElo "2163"]
[WhiteElo "2232"]
[LiveChessVersion "1.4.8"]

1. d4 {[%clk 1:30:24]} Nf6 {[%clk 1:30:09]} 2. c4 {[%clk 1:30:20]} e6
{[%clk 1:30:26]} 3. Nc3 {[%clk 1:30:44]} d5 {[%clk 1:30:50]} 4. cxd5
{[%clk 1:31:08]} exd5 {[%clk 1:31:14]} 5. Bg5 {[%clk 1:31:23]} Be7
{[%clk 1:31:37]} 6. e3 {[%clk 1:31:39]} b6 {[%clk 1:30:44]} 7. Bd3
{[%clk 1:31:35]} Bb7 {[%clk 1:30:53]} 8. Qc2 {[%clk 1:30:06]} Nbd7
{[%clk 1:31:03]} 9. Nge2 {[%clk 1:30:10]} c5 {[%clk 1:31:10]} 10. O-O
{[%clk 1:29:35]} O-O {[%clk 1:31:10]} 11. Rad1 {[%clk 1:26:25]} a6
{[%clk 1:25:36]} 12. Bf5 {[%clk 1:24:21]} h6 {[%clk 1:20:15]} 13. Bh4
{[%clk 1:22:24]} cxd4 {[%clk 1:12:40]} 14. Rxd4 {[%clk 1:21:40]} b5
{[%clk 1:11:02]} 15. Bxd7 {[%clk 1:19:17]} Qxd7 {[%clk 1:10:59]} 16. Rfd1
{[%clk 1:10:36]} g5 {[%clk 1:11:20]} 17. Bg3 {[%clk 1:11:04]} Qe6
{[%clk 1:11:30]} 18. R4d2 {[%clk 1:08:25]} Ne4 {[%clk 1:10:42]} 19. Nxe4
{[%clk 1:05:26]} dxe4 {[%clk 1:05:56]} 20. Qc7 {[%clk 1:04:23]} Bc8
{[%clk 1:06:02]} 21. Nd4 {[%clk 1:03:54]} Qd7 {[%clk 1:06:13]} 22. Qb6
{[%clk 0:57:44]} Kh7 {[%clk 1:03:20]} 23. Nc6 {[%clk 0:56:44]} Qe6
{[%clk 1:02:18]} 24. Qc7 {[%clk 0:55:38]} Re8 {[%clk 1:00:52]} 25. h3
{[%clk 0:54:01]} a5 {[%clk 0:55:21]} 26. Nxe7 {[%clk 0:52:20]} Rxe7
{[%clk 0:54:36]} 27. Qc5 {[%clk 0:52:23]} Raa7 {[%clk 0:51:09]} 28. Rd6
{[%clk 0:52:21]} Qc4 {[%clk 0:51:25]} 29. Qb6 {[%clk 0:48:27]} Be6
{[%clk 0:50:09]} 30. b3 {[%clk 0:46:06]} Qc2 {[%clk 0:43:13]} 31. Be5
{[%clk 0:43:47]} Rab7 {[%clk 0:28:31]} 32. Qd4 {[%clk 0:32:16]} Rbd7
{[%clk 0:28:11]} 33. Rd2 {[%clk 0:28:03]} Qb1+ {[%clk 0:28:40]} 34. Kh2
{[%clk 0:28:22]} Rxd6 {[%clk 0:23:03]} 35. Bxd6 {[%clk 0:23:46]} Re8
{[%clk 0:23:27]} 36. Qf6 1-0

[Event "Uppsala Young Champions 2016"]
[Site "Uppsala Schackcentrum, Sweden"]
[Date "2016.10.30"]
[Round "4.3"]
[White "Storme, Isak"]
[Black "Seo, Jung Min"]
[Result "1-0"]
[BlackElo "2131"]
[WhiteElo "2153"]
[LiveChessVersion "1.4.8"]

1. e4 {[%clk 1:29:57]} c6 {[%clk 1:30:56]} 2. c4 {[%clk 1:30:07]} d5
{[%clk 1:30:25]} 3. exd5 {[%clk 1:27:03]} cxd5 {[%clk 1:30:52]} 4. cxd5
{[%clk 1:27:24]} Nf6 {[%clk 1:31:18]} 5. Nc3 {[%clk 1:27:46]} Nxd5
{[%clk 1:31:05]} 6. Nf3 {[%clk 1:27:57]} Nc6 {[%clk 1:30:08]} 7. Bc4
{[%clk 1:26:11]} Nxc3 {[%clk 1:29:35]} 8. bxc3 {[%clk 1:24:50]} e6
{[%clk 1:29:25]} 9. O-O {[%clk 1:24:48]} Be7 {[%clk 1:29:48]} 10. d4
{[%clk 1:23:54]} O-O {[%clk 1:29:48]} 11. Bd3 {[%clk 1:03:07]} b6
{[%clk 1:19:32]} 12. Qc2 {[%clk 1:02:15]} h6 {[%clk 1:07:32]} 13. Re1
{[%clk 1:01:19]} Bb7 {[%clk 1:05:42]} 14. Re4 {[%clk 0:54:45]} Rc8
{[%clk 0:57:13]} 15. Rg4 {[%clk 0:28:17]} f5 {[%clk 0:48:02]} 16. Bxh6
{[%clk 0:17:32]} fxg4 {[%clk 0:47:06]} 17. Bh7+ {[%clk 0:17:47]} Kh8
{[%clk 0:47:27]} 18. Bxg7+ {[%clk 0:15:32]} Kxg7 {[%clk 0:47:53]} 19. Qg6+
{[%clk 0:15:56]} Kh8 {[%clk 0:48:22]} 20. Bg8 {[%clk 0:14:59]} Rf7
{[%clk 0:46:53]} 21. Bxf7 {[%clk 0:14:29]} Qf8 {[%clk 0:47:03]} 22. Qh5+
{[%clk 0:14:52]} Kg7 {[%clk 0:47:31]} 23. Qg6+ {[%clk 0:15:16]} Kh8
{[%clk 0:47:58]} 24. Bxe6 {[%clk 0:08:03]} gxf3 {[%clk 0:47:34]} 25. Bf5
{[%clk 0:03:53]} Qg7 {[%clk 0:46:23]} 26. Qh5+ {[%clk 0:04:13]} Kg8
{[%clk 0:46:50]} 27. Be6+ {[%clk 0:04:38]} Kf8 {[%clk 0:47:18]} 28. Qxf3+
{[%clk 0:04:15]} Qf6 {[%clk 0:47:44]} 29. Qg4 {[%clk 0:03:52]} Qg5
{[%clk 0:46:41]} 30. Bxc8 {[%clk 0:03:57]} Qxg4 {[%clk 0:47:04]} 31. Bxg4
{[%clk 0:04:20]} Ba3 {[%clk 0:47:32]} 32. Re1 {[%clk 0:03:47]} Bb2
{[%clk 0:47:48]} 33. Re3 {[%clk 0:04:05]} Ne7 {[%clk 0:48:10]} 34. Be6
{[%clk 0:03:34]} Nd5 {[%clk 0:47:38]} 35. Rf3+ {[%clk 0:03:25]} Ke7
{[%clk 0:47:51]} 36. Rf7+ {[%clk 0:03:40]} Kxe6 {[%clk 0:48:18]} 37. Rxb7
{[%clk 0:04:03]} Bxc3 {[%clk 0:48:41]} 38. Rxa7 {[%clk 0:04:17]} Bxd4
{[%clk 0:49:04]} 39. Ra8 {[%clk 0:03:43]} b5 {[%clk 0:49:23]} 40. g3
{[%clk 0:03:38]} b4 {[%clk 0:49:47]} 41. h4 {[%clk 0:03:19]} Nc3 {[%clk 0:49:47]}
42. Kg2 {[%clk 0:03:07]} Kf5 {[%clk 0:49:36]} 43. a3 {[%clk 0:03:04]} b3
{[%clk 0:48:49]} 44. Rb8 {[%clk 0:03:18]} b2 {[%clk 0:49:16]} 45. Rxb2
{[%clk 0:03:34]} 1-0

[Event "Uppsala Young Champions 2016"]
[Site "Uppsala Schackcentrum, Sweden"]
[Date "2016.10.30"]
[Round "4.4"]
[White "Johannesson, Oliver Aron"]
[Black "Crevatin, Leo"]
[Result "1-0"]
[BlackElo "2030"]
[WhiteElo "2263"]
[LiveChessVersion "1.4.8"]

1. e4 {[%clk 1:30:57]} c5 {[%clk 1:30:10]} 2. Nf3 {[%clk 1:31:19]} Nc6
{[%clk 1:29:58]} 3. d4 {[%clk 1:31:32]} cxd4 {[%clk 1:30:26]} 4. Nxd4
{[%clk 1:31:55]} Nf6 {[%clk 1:30:45]} 5. Nc3 {[%clk 1:32:17]} e5 {[%clk 1:31:09]}
6. Ndb5 {[%clk 1:32:42]} d6 {[%clk 1:31:28]} 7. Bg5 {[%clk 1:33:05]} a6
{[%clk 1:31:55]} 8. Na3 {[%clk 1:33:27]} b5 {[%clk 1:32:21]} 9. Nd5
{[%clk 1:33:49]} Be7 {[%clk 1:32:50]} 10. Bxf6 {[%clk 1:34:09]} Bxf6
{[%clk 1:33:17]} 11. c3 {[%clk 1:34:29]} Bg5 {[%clk 1:33:42]} 12. Nc2
{[%clk 1:34:32]} O-O {[%clk 1:33:58]} 13. a4 {[%clk 1:34:29]} bxa4
{[%clk 1:34:22]} 14. Rxa4 {[%clk 1:34:45]} a5 {[%clk 1:34:48]} 15. Bc4
{[%clk 1:34:40]} Kh8 {[%clk 1:33:42]} 16. Nce3 {[%clk 1:34:11]} Rb8
{[%clk 1:32:41]} 17. b3 {[%clk 1:34:35]} Be6 {[%clk 1:31:10]} 18. h4
{[%clk 1:27:44]} Bxe3 {[%clk 1:27:11]} 19. Nxe3 {[%clk 1:27:50]} Bxc4
{[%clk 1:27:09]} 20. Nxc4 {[%clk 1:25:10]} Qc7 {[%clk 1:26:18]} 21. O-O
{[%clk 1:22:18]} Rfd8 {[%clk 1:22:11]} 22. Ra2 {[%clk 1:18:09]} Rd7
{[%clk 1:07:27]} 23. Rd2 {[%clk 1:13:15]} Rbd8 {[%clk 1:05:15]} 24. Qf3
{[%clk 1:07:36]} Nb8 {[%clk 0:56:05]} 25. Ra1 {[%clk 1:05:06]} Nc6
{[%clk 0:50:36]} 26. Rad1 {[%clk 1:01:12]} Qb8 {[%clk 0:47:41]} 27. Rb1
{[%clk 0:50:07]} Qc7 {[%clk 0:42:22]} 28. h5 {[%clk 0:47:14]} h6 {[%clk 0:41:53]}
29. Ne3 {[%clk 0:46:28]} Rb8 {[%clk 0:36:28]} 30. Rd3 {[%clk 0:40:52]} Rbd8
{[%clk 0:31:27]} 31. Rb2 {[%clk 0:24:13]} Kg8 {[%clk 0:25:12]} 32. Nd5
{[%clk 0:21:54]} Qb8 {[%clk 0:24:00]} 33. Qg4 {[%clk 0:20:32]} Kh8
{[%clk 0:22:48]} 34. Rg3 {[%clk 0:20:19]} f6 {[%clk 0:22:19]} 35. Qe6
{[%clk 0:18:17]} Qb7 {[%clk 0:20:12]} 36. Ne3 {[%clk 0:12:56]} Rf7
{[%clk 0:14:27]} 37. Nf5 {[%clk 0:12:01]} Qd7 {[%clk 0:12:23]} 38. Qd5
{[%clk 0:12:24]} Qc7 {[%clk 0:11:49]} 39. Rd2 {[%clk 0:12:28]} Rfd7
{[%clk 0:11:38]} 40. Qe6 {[%clk 0:10:49]} Nd4 {[%clk 0:10:11]} 41. Nxd4
{[%clk 0:09:50]} exd4 {[%clk 0:10:32]} 42. Rxd4 {[%clk 0:10:12]} Re7
{[%clk 0:10:20]} 43. Qg4 {[%clk 0:10:11]} Rb8 {[%clk 0:08:33]} 44. c4
{[%clk 0:06:39]} Qd7 {[%clk 0:06:18]} 45. Qxd7 {[%clk 0:05:34]} Rxd7
{[%clk 0:06:47]} 46. c5 {[%clk 0:05:56]} Rb5 {[%clk 0:05:24]} 47. cxd6
{[%clk 0:05:41]} Rb6 {[%clk 0:05:33]} 48. Rgd3 {[%clk 0:06:02]} Kg8
{[%clk 0:05:41]} 49. f4 {[%clk 0:05:57]} Kf7 {[%clk 0:06:05]} 50. Kf2
{[%clk 0:06:19]} Ke6 {[%clk 0:06:09]} 51. Ke3 {[%clk 0:06:21]} Rc6
{[%clk 0:05:34]} 52. g4 {[%clk 0:06:15]} Rc1 {[%clk 0:05:33]} 53. Rd1
{[%clk 0:03:47]} Rc3+ {[%clk 0:05:42]} 54. R1d3 {[%clk 0:03:34]} Rc1
{[%clk 0:06:07]} 55. Kf2 Rc2+ {[%clk 0:05:52]} 56. Rd2 {[%clk 0:01:19]} Rc3
{[%clk 0:06:05]} 57. R4d3 {[%clk 0:01:42]} Rc1 {[%clk 0:05:19]} 58. Rd5
{[%clk 0:01:14]} Rc3 {[%clk 0:05:07]} 59. R2d3 {[%clk 0:01:06]} Rc2+
{[%clk 0:05:19]} 60. Kf3 {[%clk 0:01:20]} Rh2 {[%clk 0:04:06]} 61. Rxa5
{[%clk 0:00:36]} Rh3+ {[%clk 0:04:29]} 62. Ke2 {[%clk 0:01:01]} Rxd3
{[%clk 0:04:55]} 63. Kxd3 {[%clk 0:01:27]} Rxd6+ {[%clk 0:05:23]} 64. Rd5
{[%clk 0:01:42]} Ra6 {[%clk 0:05:16]} 65. b4 {[%clk 0:01:50]} Ra3+
{[%clk 0:05:16]} 66. Kd4 {[%clk 0:02:00]} Rg3 {[%clk 0:05:20]} 67. b5
{[%clk 0:02:24]} Rxg4 {[%clk 0:05:42]} 68. b6 {[%clk 0:02:39]} Rg1
{[%clk 0:06:01]} 69. Rb5 {[%clk 0:02:50]} Rd1+ {[%clk 0:06:22]} 70. Ke3
{[%clk 0:02:42]} Rd8 {[%clk 0:06:46]} 71. b7 {[%clk 0:03:05]} Rb8
{[%clk 0:07:15]} 72. Kd4 {[%clk 0:03:19]} Kd6 {[%clk 0:07:13]} 73. e5+
{[%clk 0:03:00]} Kc6 {[%clk 0:07:28]} 74. Rb1 {[%clk 0:03:17]} Rxb7
{[%clk 0:06:59]} 75. Rxb7 {[%clk 0:03:34]} Kxb7 {[%clk 0:07:28]} 76. Kd5
{[%clk 0:02:11]} Kc7 {[%clk 0:07:53]} 77. Ke6 {[%clk 0:02:30]} Kc6
{[%clk 0:07:36]} 78. Kf7 {[%clk 0:02:51]} Kd5 {[%clk 0:07:52]} 79. e6
{[%clk 0:03:15]} Ke4 {[%clk 0:08:19]} 80. e7 {[%clk 0:03:40]} Kxf4
{[%clk 0:08:46]} 81. e8=Q {[%clk 0:04:04]} Kg5 {[%clk 0:09:09]} 82. Kxf6+ gxf6
1-0

[Event "Uppsala Young Champions 2016"]
[Site "Uppsala Schackcentrum, Sweden"]
[Date "2016.10.30"]
[Round "4.5"]
[White "Keinänen, Toivo"]
[Black "Bannout, Edvin"]
[Result "1-0"]
[BlackElo "1818"]
[WhiteElo "2345"]
[LiveChessVersion "1.4.8"]

1. c4 c5 {[%clk 1:30:40]} 2. g3 {[%clk 1:31:23]} Nc6 {[%clk 1:30:52]} 3. Bg2
{[%clk 1:31:49]} g6 {[%clk 1:31:03]} 4. Nc3 {[%clk 1:31:06]} Bg7 {[%clk 1:31:24]}
5. Nf3 {[%clk 1:31:31]} e5 {[%clk 1:28:53]} 6. O-O {[%clk 1:29:51]} Nge7
{[%clk 1:28:21]} 7. Ne1 {[%clk 1:30:14]} Rb8 {[%clk 1:21:38]} 8. a3
{[%clk 1:23:18]} a6 {[%clk 1:17:57]} 9. b4 {[%clk 1:21:38]} cxb4 {[%clk 1:13:48]}
10. axb4 {[%clk 1:22:03]} Nxb4 {[%clk 1:11:33]} 11. Ba3 {[%clk 1:22:28]} Nec6
{[%clk 1:07:32]} 12. Qb1 {[%clk 1:16:24]} a5 {[%clk 1:03:31]} 13. Nc2
{[%clk 1:16:24]} O-O {[%clk 0:47:25]} 14. Nxb4 {[%clk 1:16:05]} axb4
{[%clk 0:47:47]} 15. Bxb4 {[%clk 1:16:31]} Nxb4 {[%clk 0:47:38]} 16. Qxb4
{[%clk 1:16:48]} b6 {[%clk 0:46:44]} 17. Ra7 {[%clk 1:15:34]} d6 {[%clk 0:44:10]}
18. Nb5 {[%clk 1:10:22]} Be6 {[%clk 0:37:57]} 19. Nxd6 {[%clk 1:10:22]} Bf6
{[%clk 0:37:58]} 20. Ne4 {[%clk 1:09:28]} Bg7 {[%clk 0:30:29]} 21. d3
{[%clk 1:08:52]} Re8 {[%clk 0:30:13]} 22. Rb1 {[%clk 1:06:38]} f5
{[%clk 0:29:47]} 23. Nc3 {[%clk 1:05:48]} Bf8 {[%clk 0:29:28]} 24. Qb5
{[%clk 1:05:33]} Qd4 {[%clk 0:23:39]} 25. Nd5 {[%clk 1:05:31]} Bxd5
{[%clk 0:22:01]} 26. Bxd5+ {[%clk 1:05:28]} Kh8 {[%clk 0:22:12]} 27. Qc6
{[%clk 1:04:49]} e4 {[%clk 0:17:47]} 28. e3 {[%clk 1:04:10]} Qe5 {[%clk 0:18:01]}
29. dxe4 {[%clk 1:03:35]} fxe4 {[%clk 0:17:59]} 30. Rxb6 {[%clk 1:03:08]} Rxb6
{[%clk 0:16:19]} 31. Qxb6 {[%clk 1:03:24]} Rb8 {[%clk 0:15:50]} 32. Qe6
{[%clk 1:03:31]} Rb1+ {[%clk 0:08:46]} 33. Kg2 {[%clk 1:03:33]} Qxe6
{[%clk 0:09:05]} 34. Bxe6 {[%clk 1:03:59]} Rb2 {[%clk 0:09:24]} 35. Rf7
{[%clk 1:03:11]} Bc5 {[%clk 0:09:25]} 36. Kh3 {[%clk 1:03:24]} g5
{[%clk 0:07:59]} 37. Kg4 {[%clk 1:03:12]} 1-0